| 000 | 00544nam a2200193 a 4500 | ||
|---|---|---|---|
| 001 | 1376 | ||
| 003 | CDMR | ||
| 005 | 20260515062530.0 | ||
| 008 | 130130s2005||||||||||||||||||||||||fre|d | ||
| 020 | _a291553635X | ||
| 040 |
_aCDMR _bcat _cCPC LLEIDA |
||
| 110 | 2 |
_aReporters Sans Frontières _91923 |
|
| 245 | _aGuide pratique du blogger et du cyberdissident | ||
| 260 |
_aParis _bReporters sans Frontières _c2005 |
||
| 300 | _a87 p. | ||
| 650 | 0 | 4 |
_93073 _aLlibertat d'expressió |
| 650 | 0 | 4 |
_93134 _aBlogs _vManuals, guies, etc. |
| 942 |
_cMON _2udc |
||
| 999 |
_c1376 _d1376 |
||